| 000 | 00981nam a22003257a 4500 | ||
|---|---|---|---|
| 001 | 000068394 | ||
| 003 | CHAP | ||
| 005 | 20220329141303.0 | ||
| 008 | 971010s1941 r 00010 d | ||
| 010 | _a65789 | ||
| 011 | _a66761 | ||
| 035 | _a75734 | ||
| 040 | _cCHAP | ||
| 082 | 0 | 4 |
_a574.0182 _bI8 |
| 100 | 0 | 0 |
_aItié Lecoat, Manuel. _960686 |
| 245 | 1 | 0 |
_aMatemáticas aplicadas a la experimentación agrícola : _b: biometría. |
| 260 |
_aChapingo, Méx. : _bENA, _c1941. |
||
| 300 | _a250 h. | ||
| 590 |
_aBATCH-UPD _b10 _c20130110 _lUCH01 _h1847 |
||
| 590 |
_aBATCH-UPD _b10 _c20130410 _lUCH01 _h1216 |
||
| 590 |
_aBATCH-UPD _b10 _c20130914 _lUCH01 _h0636 |
||
| 590 |
_aCONVERSION _b10 _c20130109 _lUCH01 _h1336 |
||
| 590 |
_aE5995AHE _b05 _c20150223 _lUCH01 _h1158 |
||
| 650 | 1 | 4 |
_aAgricultura _xMetodos estadisticos. _91745 |
| 650 | 1 | 4 |
_aBiometría. _912831 |
| 901 | _aBK | ||
| 942 | _cLIBRO | ||
| 942 | _n0 | ||
| 949 |
_a574.0182 I8 _bBC _cUACH _d-145228 _eUACH _h73351 _i75734 _si |
||
| 999 |
_c65789 _d65789 |
||